| Поле | Инд. | ПП | Название | Значение |
|---|---|---|---|---|
| Тип записи | a | |||
| Библиографический уровень | m | |||
| 001 | Контрольный номер | RU/IS/BASE/138977949 | ||
| 005 | Дата корректировки | 20250826143343.3 | ||
| 020 | a | ISBN | 5-293-00002-0 | |
| 084 | a | Индекс другой классификации/Индекс ББК | 83.3(2=411.2)я44; 83.3(2=411.2)5я44; 83.3(2=411.2)53я44; 83.3(2=411.2)6я44; 63.3(2)52-7я44; 63.3(2)61-7я44 | |
| 090 | a | Полочн. индекс | 83.3(2=411.2)я44 | |
| x | Авторский знак | М 163 | ||
| 100 | 1_ | a | Автор | Маковский С. К. |
| q | Полное имя | Маковский Сергей Константинович | ||
| 245 | 10 | a | Заглавие | Портреты современников |
| c | Ответственность | главный редактор С. Т. Корнеев; послесловие В. В. Нехотина; оформление серии А. М. Игитханяна | ||
| 260 | a | Место издания | Москва | |
| b | Издательство | XXI век - Согласие | ||
| c | Дата издания | 2000 | ||
| 300 | a | Объем | 448 с. | |
| 336 | a | Термин вида содержания | Текст | |
| 337 | a | Термин типа средства | непосредственный | |
| 440 | _0 | a | Серия | Библиотека русской культуры |
| 500 | a | Примечание | Печатается по изданию: Маковский С. Портреты современников. Нью-Йорк: Издательство им. Чехова, 1955 | |
| 504 | a | Библиография | Послесл.: с. 435-446 | |
| 600 | 14 | a | Персоналии | Анненский Иннокентий Федорович |
| a | Персоналии | Бенуа Александр Николаевич | ||
| a | Персоналии | Волошин Максимилиан Александрович | ||
| a | Персоналии | Добролюбов Александр Михайлович | ||
| a | Персоналии | Дягилев Сергей Павлович | ||
| a | Персоналии | Иванов Вячеслав Иванович | ||
| a | Персоналии | Качалов Василий Иванович | ||
| a | Персоналии | Мандельштам Осип Эмильевич | ||
| a | Персоналии | Соловьев Владимир Сергеевич | ||
| a | Персоналии | Шаляпин Федор Иванович | ||
| 650 | 04 | a | Основная рубрика | история литературы |
| a | Основная рубрика | литературоведение | ||
| a | Основная рубрика | филологические науки | ||
| 653 | 0_ | a | Ключевые слова | XIX век |
| a | Ключевые слова | XX век | ||
| a | Ключевые слова | биографии | ||
| a | Ключевые слова | искусство | ||
| a | Ключевые слова | история | ||
| a | Ключевые слова | история русской литературы | ||
| a | Ключевые слова | культура | ||
| a | Ключевые слова | литературная критика | ||
| a | Ключевые слова | новейшее время | ||
| a | Ключевые слова | новое время | ||
| a | Ключевые слова | очерки | ||
| a | Ключевые слова | Россия | ||
| a | Ключевые слова | русская культура | ||
| a | Ключевые слова | русская литература | ||
| a | Ключевые слова | творчество | ||
| a | Ключевые слова | эссе | ||
| 700 | 12 | a | Автор | Корнеев С. Т. |
| e | Роль лиц | редактор | ||
| 700 | 12 | a | Автор | Нехотин В. В. |
| e | Роль лиц | редактор; автор послесловия | ||
| 700 | 12 | a | Автор | Игитханян А. М. |
| e | Роль лиц | оформитель серии | ||
| 901 | t | Тип документа | m | |
| 952 | a | Тип литературы для КСУ ВШ | НПИ |